000 00568nam a22002057a 4500
005 20150331043120.0
008 070614s2007 caua 001 0 eng d
020 _a9780072263466
041 0 _aeng
080 _a004
100 1 _aAndersen, Virginia.
245 1 0 _aHow to do everything with Microsoft Office Access 2007 /
_cVirginia Andersen.
260 _aNew York :
_bMcGraw-Hill,
_c2007.
300 _a617 f. :
_bme il.;
_c23 cm.
505 _aIndex: f. 591 - 617
630 0 0 _aMicrosoft Access.
650 0 _aKompjuterat
650 0 _aProgram
942 _2udc
_cBK
999 _c638
_d638